Plantillas del top 4 del Mundial 2018 - Estadísticas

Estadísticas generales
  • Esta prueba ha sido intentada 195 veces
  • La puntuación promedio es 60 de 96
Estadísticas de respuestas
Pos. Jugador Equipo % Correcto
POR Hugo Lloris Tottenham
99%
DEL Antoine Griezmann Atletico Madrid
95%
DEL Kylian Mbappe PSG
95%
DEF Raphael Varane Real Madrid
94%
MED Luka Modric Real Madrid
92%
DEF Samuel Umtiti Barcelona
91%
POR Thibaut Courtois Chelsea
91%
MED Mousa Dembele Tottenham
90%
DEL Olivier Giroud Chelsea
90%
DEL Ousmane Dembele Barcelona
90%
MED Paul Pogba Manchester United
90%
DT Didier Deschamps Francia
89%
MED N'golo Kante Chelsea
89%
DEF Benjamin Pavard Stuttgart
88%
DEL Eden Hazard Chelsea
88%
MED Thorgan Hazard Borussia Monchengladbach
88%
DEL Harry Kane Tottenham
87%
MED Ivan Rakitic Barcelona
87%
POR Jordan Pickford Everton
86%
DEF Presnel Kimpembe PSG
86%
DEL Romelu Lukaku Manchester United
86%
MED Kevin De Bruyne Manchester City
85%
POR Steve Mandanda Marsella
84%
DEL Jamie Vardy Leicester
83%
DEF Lucas Hernandez Atletico Madrid
83%
DEF Kyle Walker Manchester City
81%
DEF Jan Vertonghen Tottenham
80%
DEL Mario Mandzukic Juventus
80%
POR Alphonse Areola PSG
79%
DEF Harry Maguire Leicester
79%
DEF John Stones Manchester City
79%
MED Mateo Kovacic Real Madrid
78%
DEF Benjamin Mendy Manchester City
77%
DEL Dries Mertens Napoli
77%
DEL Marcus Rashford Manchester United
76%
DEF Vicent Kompany Manchester City
76%
DEF Dejan Lovren Liverpool
74%
DEF Domagoj Vida Besiktas
74%
DEL Ivan Perisic Inter
74%
DEF Thomas Vermaelen Barcelona
74%
MED Marouane Fellaini Manchester United
72%
DEL Raheem Sterling Manchester City
72%
POR Simon Mignolet Liverpool
72%
MED Jordan Henderson Liverpool
71%
MED Blaise Matuidi Juventus
70%
DEF Duje Caleta-Car Salzburgo
68%
MED Marcelo Brozovic Inter
68%
DEF Thomas Meunier PSG
68%
MED Steven Nzonzi Sevilla
67%
DEF Toby Alderweireld Tottenham
67%
MED Corentin Tolisso Bayern Munich
66%
POR Danijel Subasic Monaco
66%
DT Roberto Martinez Belgica
66%
DEF Sime Vrsaljko Atletico Madrid
66%
DEL Adnan Januzaj Real Sociedad
65%
DEL Thomas Lemar Monaco
65%
DT Gareth Southgate Inglaterra
64%
DEF Trent Alexander-Arnold Liverpool
64%
POR Jack Butland Stoke City
63%
MED Axel Witsel Tianjin Quanjian
62%
MED Yannick Carrasco Dalian Yifang
62%
MED Eric Dier Tottenham
58%
DEL Ante Rebic Eintracht Frankfurt
57%
DEF Kieran Trippier Tottenham
56%
DEL Andrej Kramaric Hoffenheim
54%
DEF Djibil Sidibe Monaco
54%
POR Dominik Livakovic Dinamo Zagreb
54%
DEL Nabil Fekir Lyon
54%
DEL Florian Thauvin Marsella
52%
POR Koen Casteels Wolfsburgo
52%
POR Nick Pope Burnley
52%
MED Yuri Tielemans Monaco
49%
DEF Adil Rami Marsella
48%
MED Dele Alli Tottenham
46%
MED Nacer Chadli West Bromwich
46%
DEL Michy Batshuayi Borussia Dortmund
44%
DEF Phil Jones Manchester United
43%
DEF Danny Rose Tottenham
42%
DEL Danny Welbeck Arsenal
38%
DEF Gary Cahill Chelsea
38%
MED Jesse Lingard Manchester United
37%
DT Zlatko Dalic Croacia
30%
DEF Ashley Young Manchester United
26%
DEF Vedran Corluka Lokomotiv Moscu
25%
DEF Dedryck Boyata Celtic
23%
POR Lovre Kalinic Gent
21%
DEL Nikola Kalinic Milan
21%
DEF Fabian Delph Manchester City
20%
DEF Ivan Strinic Sampdoria
19%
DEL Marko Pjaca Schalke 04
19%
MED Ruben Loftus-Cheek Crystal Palace
17%
DEF Leander Dendoncker Anderlecht
16%
MED Milan Badelj Fiorentina
15%
DEF Tin Jedvaj Bayern Leverkusen
15%
DEF Josip Pivaric Dynamo Kiev
10%
MED Filip Bradaric Rijeka
9%
No se encontraron pruebas coincidentes
Distribución de puntuación
Porcentaje de gente con cada puntuación
Porcentaje por número respondido
Historial de tus puntuaciones
No has intentado esta prueba.